Specialized reporting : a global trend in media training (Vol. 2) (Record no. 34914)

MARC details
000 -LEADER
fixed length control field 00519nam a2200181Ia 4500
020 ## - INTERNATIONAL STANDARD BOOK NUMBER
ISBN 9789789347513
050 ## - CALL MARK
Classification number PN 4781 .S64/
100 ## - STATEMENT OF RESPONSIBILITY--MAIN AUTHOR NAME
Personal name Edited by Tayo Popoola
245 #0 - TITLE STATEMENT
Title Specialized reporting : a global trend in media training (Vol. 2)
260 ## - PUBLICATION, DISTRIBUTION, ETC. (IMPRINT)
Place of publication Lagos
260 ## - PUBLICATION, DISTRIBUTION, ETC. (IMPRINT)
Name of publisher The Nigeria Union of Journalists (NUJ) Lagos State Council.
260 ## - PUBLICATION, DISTRIBUTION, ETC. (IMPRINT)
Year of publication 2013
300 ## - PHYSICAL DESCRIPTION
Number of Pages 287 p
650 ## - SUBJECT ADDED ENTRY--TOPICAL TERM
Topical Term Reporters and reporting.
942 ## - ADDED ENTRY ELEMENTS (KOHA)
Koha item type Books
Holdings
Withdrawn status Lost status Source of classification or shelving scheme Damaged status Not for loan Permanent Location Current Location Shelving location Date acquired Accession Number Price effective from Koha item type
    Library of Congress Classification     NILE UNIVERSITY OF NIGERIA - MAIN LIBRARY NILE UNIVERSITY OF NIGERIA - MAIN LIBRARY Items on shelf 04/23/2025 0185950 04/23/2025 Books